LEADER 02558oas 2200913 a 450 001 9910144050303321 005 20251105213014.0 011 $a1098-1063 035 $a(DE-599)ZDB1498049-6 035 $a(DE-599)1498049-6 035 $a(OCoLC)38849476 035 $a(CONSER)sn 98009193 035 $a(CKB)954925593481 035 $a(EXLCZ)99954925593481 100 $a19980326a19919999 sy a 101 0 $aeng 135 $aurcnu|||||||| 181 $ctxt$2rdacontent 182 $cc$2rdamedia 183 $acr$2rdacarrier 200 10$aHippocampus 210 $a[New York, N.Y.] $c[Churchill Livingstone] $cWiley-Liss, Inc.$d©1991- 215 $a1 online resource 300 $aRefereed/Peer-reviewed 300 $aPublished: [New York, N.Y. : Churchill Livingstone] : Wiley-Liss, Inc., 1991-; published: [New York, N.Y.] : Wiley-Liss, Inc., 1995-; published: [Hoboken, N.J.] : Wiley-Liss, Inc., <2005-> 300 $aTitle from table of contents screen (Wiley InterScience; viewed: 9/8/2006). 311 08$a1050-9631 531 0 $aHippocampus 606 $aHippocampus (Brain)$vPeriodicals 606 $aHippocampus (Brain)$xPeriodicals 606 $aHippocampus 606 $aHippocampe (Cerveau)$xPe?riodiques 606 $aHippocampe (Cerveau)$vPe?riodiques 606 $aHippocampus (Brain)$2fast$3(OCoLC)fst00957253 606 $aHipocamp (Cervell)$2thub 608 $aPeriodical. 608 $aperiodicals.$2aat 608 $aPeriodicals.$2fast 608 $aPeriodicals.$2lcgft 608 $aPe?riodiques.$2rvmgf 608 $aRevistes electròniques.$2thub 615 0$aHippocampus (Brain) 615 0$aHippocampus (Brain)$xPeriodicals. 615 2$aHippocampus. 615 6$aHippocampe (Cerveau)$xPe?riodiques. 615 6$aHippocampe (Cerveau) 615 7$aHippocampus (Brain) 615 7$aHipocamp (Cervell) 676 $a616 801 0$bNSD 801 1$bNSD 801 2$bDLC 801 2$bTJC 801 2$bOCLCQ 801 2$bMUQ 801 2$bOCL 801 2$bIUL 801 2$bEEM 801 2$bOCLCQ 801 2$bUKMGB 801 2$bOCLCQ 801 2$bOCLCF 801 2$bVT2 801 2$bOCLCQ 801 2$bNJT 801 2$bADU 801 2$bOCLCO 801 2$bOCLCQ 801 2$bOCLCO 801 2$bUBY 801 2$bOCLCQ 801 2$bUAB 801 2$bOCLCL 801 2$bSXB 801 2$bOCLCQ 906 $aJOURNAL 912 $a9910144050303321 996 $aHippocampus$91411881 997 $aUNINA